Name the 5 most streamed Twenty One Pilots Songs per Album (Spotify) - Statistics

General Stats
  • This quiz has been taken 13 times
  • The average score is 28 of 35
Answer Stats
% Correct
Car Radio
100%
Holding on to You
100%
Ride
100%
Stressed Out
100%
Heavydirtysoul
91%
Migraine
91%
Addict With A Pen
82%
Chlorine
82%
City Walls
82%
Guns for Hands
82%
House of Gold
82%
Johnny Boy
82%
Jumpsuit
82%
Morph
82%
My Blood
82%
Next Semester
82%
Nico and the Niners
82%
Overcompensate
82%
RAWFEAR
82%
Routines In The Night
82%
Tear in My Heart
82%
The Contract
82%
Backslide
73%
Choker
73%
Doubt
73%
Drum Show
73%
Fall Away
73%
Oh Ms. Believer
73%
Saturday
73%
Shy Away
73%
The Outside
73%
Friend, Please
64%
Mulberry Street
64%
Navigating
64%
One Way
55%
No matching quizzes found
Score Distribution
Percent of People with Each Score
Percentile by Number Answered
Your Score History
You have not taken this quiz